Problemas de física. Estática, cinemática y dinámica

Bibliographic Details
Main Author: Burbano de Ercilla, S.
Format: Section = Libro
Language:Undetermined
Spanish
Published: México Alfaomega 2005
Edition:7a.ed.
Subjects:
LEADER 00671nam a2200229Ia 4500
008 240829s9999 xx 000 0 und d
020 |a 970-15-1108-5 
040 |a BIBLIOTECA-RUPAP 530 B946 
041 |a spa 
082 |a 530 B946 
100 1 |a Burbano de Ercilla, S. 
245 1 0 |a Problemas de física. Estática, cinemática y dinámica 
250 |a 7a.ed. 
260 |a México  |b Alfaomega  |c 2005 
300 |a 353 p. :il. 
650 7 |a FISICA 
650 7 |b  CÁLCULO VECTORIAL 
650 7 |c  CINEMATICA 
650 7 |d  SIMBOLOGIA, PROBLEMAS Y EJERCICIOS. I. Burbano García, E. Coaut. II. García Muñoz, C. 
942 |c BK  |2 ddc 
991 |a TEXTO 
999 |c 8289